[Event "MSR2018s4"]
[Site "?"]
[Date "2018.04.23"]
[Round "4.13"]
[White "Horvathova, Hana"]
[Black "Novomeska, Karin"]
[Result "0-1"]
[BlackElo "1217"]
[WhiteElo "1467"]
[LiveChessVersion "1.4.8"]

1. e4 {[%clk 1:30:56]} c6 {[%clk 1:30:58]} 2. d4 {[%clk 1:30:16]} d5
{[%clk 1:31:21]} 3. exd5 {[%clk 1:30:38]} cxd5 {[%clk 1:31:45]} 4. Nf3
{[%clk 1:30:33]} Nf6 {[%clk 1:31:33]} 5. Bd3 {[%clk 1:30:47]} Nc6
{[%clk 1:30:51]} 6. O-O {[%clk 1:30:23]} Bg4 {[%clk 1:30:21]} 7. Be3
{[%clk 1:29:29]} e6 {[%clk 1:30:00]} 8. Nc3 {[%clk 1:29:41]} a6 {[%clk 1:26:51]}
9. Qe2 {[%clk 1:26:38]} Bd6 {[%clk 1:26:08]} 10. h3 {[%clk 1:22:12]} Bh5
{[%clk 1:14:51]} 11. Qd1 {[%clk 1:15:19]} Qc7 {[%clk 1:11:41]} 12. g3
{[%clk 1:04:32]} e5 {[%clk 0:50:30]} 13. dxe5 {[%clk 0:58:54]} Bxe5
{[%clk 0:43:02]} 14. Be2 {[%clk 0:56:36]} O-O-O {[%clk 0:35:01]} 15. Nxe5
{[%clk 0:52:05]} Bxe2 {[%clk 0:32:46]} 16. Nxe2 {[%clk 0:51:00]} Qxe5
{[%clk 0:29:13]} 17. c3 {[%clk 0:49:46]} Rhe8 {[%clk 0:25:09]} 18. Re1
{[%clk 0:48:23]} Qf5 {[%clk 0:21:11]} 19. Nf4 {[%clk 0:45:06]} g5
{[%clk 0:19:17]} 20. Nh5 {[%clk 0:42:32]} Nxh5 {[%clk 0:17:47]} 21. Qxh5
{[%clk 0:38:32]} f6 {[%clk 0:17:56]} 22. Qg4 Qxg4 23. hxg4 {[%clk 0:32:22]} Re6
{[%clk 0:18:11]} 24. Bb6 {[%clk 0:30:46]} Rde8 {[%clk 0:18:36]} 25. Rxe6 Rxe6 26.
Be3 {[%clk 0:30:14]} Ne5 {[%clk 0:18:49]} 27. Rd1 {[%clk 0:27:56]} Nxg4
{[%clk 0:18:44]} 28. Rxd5 {[%clk 0:27:58]} Nxe3 {[%clk 0:19:12]} 29. fxe3
{[%clk 0:28:07]} Rxe3 {[%clk 0:19:34]} 30. Kf2 {[%clk 0:28:21]} Re6
{[%clk 0:19:56]} 31. Rc5+ {[%clk 0:28:32]} Kd7 {[%clk 0:20:14]} 32. Kf3
{[%clk 0:28:39]} b6 {[%clk 0:20:21]} 33. Rd5+ {[%clk 0:28:54]} Kc6
{[%clk 0:20:47]} 34. Rd4 {[%clk 0:29:05]} f5 {[%clk 0:21:05]} 35. g4
{[%clk 0:29:11]} f4 {[%clk 0:21:03]} 36. b4 {[%clk 0:29:17]} Re3+
{[%clk 0:21:20]} 37. Kf2 {[%clk 0:29:20]} Rxc3 {[%clk 0:21:31]} 38. a4
{[%clk 0:29:24]} b5 {[%clk 0:21:27]} 39. a5 {[%clk 0:29:26]} Rc4 {[%clk 0:21:52]}
40. Rd2 {[%clk 0:28:50]} Rxb4 {[%clk 0:22:16]} 41. Rc2+ {[%clk 0:28:40]} Rc4
{[%clk 0:22:45]} 42. Rb2 {[%clk 0:28:31]} b4 {[%clk 0:23:06]} 43. Rb3
{[%clk 0:28:14]} Kb5 {[%clk 0:23:32]} 44. Ke2 {[%clk 0:28:13]} Rc3
{[%clk 0:23:55]} 45. Rxc3 {[%clk 0:27:47]} bxc3 {[%clk 0:24:21]} 46. Kd3 Kb4 47.
Kc2 {[%clk 0:27:21]} f3 {[%clk 0:24:44]} 48. Kd1 {[%clk 0:27:18]} f2
{[%clk 0:25:12]} 49. Ke2 c2 50. Kxf2 c1=R 51. Ke2 {[%clk 0:26:52]} Rc3
{[%clk 0:25:27]} 52. Kd2 Rh3 53. Ke2 {[%clk 0:26:41]} Kc4 {[%clk 0:25:52]} 54.
Kf2 {[%clk 0:26:44]} Kd4 {[%clk 0:26:17]} 55. Kg2 {[%clk 0:26:57]} Ra3
{[%clk 0:26:40]} 56. Kf2 Ke4 {[%clk 0:24:56]} 57. Kg2 {[%clk 0:27:23]} Kf4
{[%clk 0:25:21]} 58. Kh2 {[%clk 0:27:37]} Kxg4 {[%clk 0:25:46]} 59. Kg2
{[%clk 0:27:39]} Ra2+ {[%clk 0:26:10]} 60. Kf1 {[%clk 0:27:53]} Kg3
{[%clk 0:26:23]} 61. Kg1 {[%clk 0:28:10]} Ra1# 0-1

[Event "MSR2018s4"]
[Site "?"]
[Date "2018.04.23"]
[Round "4.14"]
[White "Filipiak, Magdalena"]
[Black "Mrmusova, Magdalena"]
[Result "1-0"]
[BlackElo "1132"]
[WhiteElo "1186"]
[LiveChessVersion "1.4.8"]

1. e4 {[%clk 1:30:57]} d6 {[%clk 1:30:56]} 2. d4 {[%clk 1:30:19]} Nf6
{[%clk 1:31:08]} 3. Nc3 {[%clk 1:29:52]} g6 {[%clk 1:31:27]} 4. Nf3
{[%clk 1:29:45]} Bg7 {[%clk 1:31:42]} 5. Bc4 {[%clk 1:29:00]} O-O
{[%clk 1:31:52]} 6. Bf4 {[%clk 1:29:01]} Bg4 {[%clk 1:31:20]} 7. h3
{[%clk 1:29:05]} Bxf3 {[%clk 1:30:52]} 8. Qxf3 {[%clk 1:29:02]} Nc6
{[%clk 1:30:39]} 9. O-O-O {[%clk 1:28:03]} Qe8 {[%clk 1:29:10]} 10. g4
{[%clk 1:18:19]} e5 {[%clk 1:28:54]} 11. Bg5 {[%clk 1:17:28]} Nd7
{[%clk 1:25:35]} 12. Nb5 {[%clk 1:07:15]} Rc8 {[%clk 1:21:22]} 13. d5 Ne7
{[%clk 1:16:04]} 14. Nxa7 {[%clk 1:05:30]} Ra8 {[%clk 1:15:32]} 15. Nb5
{[%clk 1:05:29]} Qd8 {[%clk 1:11:35]} 16. Bb3 {[%clk 1:00:48]} f6
{[%clk 1:11:23]} 17. Be3 {[%clk 1:00:30]} Ra5 {[%clk 1:11:03]} 18. Nc3
{[%clk 0:59:55]} Qa8 {[%clk 1:10:46]} 19. Qg3 {[%clk 0:59:30]} b5
{[%clk 1:10:22]} 20. f4 {[%clk 0:58:36]} b4 {[%clk 1:09:48]} 21. Nb1
{[%clk 0:55:49]} c5 {[%clk 1:08:50]} 22. dxc6+ {[%clk 0:55:56]} Kh8
{[%clk 1:04:39]} 23. cxd7 {[%clk 0:55:58]} Qc6 {[%clk 0:58:16]} 24. d8=N
{[%clk 0:55:18]} Rxd8 {[%clk 0:58:25]} 25. fxe5 {[%clk 0:55:11]} fxe5
{[%clk 0:58:28]} 26. Bg5 {[%clk 0:55:18]} Rd7 {[%clk 0:56:24]} 27. Rhf1
{[%clk 0:55:32]} Rc7 {[%clk 0:54:33]} 28. Rf7 {[%clk 0:55:18]} Rxa2
{[%clk 0:46:45]} 29. Rxe7 {[%clk 0:51:39]} Rxe7 {[%clk 0:44:27]} 30. Bxe7
{[%clk 0:51:28]} Bh6+ {[%clk 0:44:06]} 31. g5 {[%clk 0:51:36]} Bxg5+
{[%clk 0:42:52]} 32. Qxg5 {[%clk 0:51:59]} Ra7 {[%clk 0:42:41]} 33. Qf6# 1-0

[Event "MSR2018s4"]
[Site "?"]
[Date "2018.04.23"]
[Round "4.15"]
[White "Sosovickova, Martina"]
[Black "Holestiakova, Nina"]
[Result "0-1"]
[BlackElo "1039"]
[WhiteElo "1169"]
[LiveChessVersion "1.4.8"]

1. e4 {[%clk 1:30:56]} e5 {[%clk 1:30:54]} 2. Nf3 {[%clk 1:31:14]} Nc6
{[%clk 1:31:17]} 3. Bc4 {[%clk 1:31:32]} Bc5 {[%clk 1:31:39]} 4. d3
{[%clk 1:31:44]} d6 {[%clk 1:31:49]} 5. h3 {[%clk 1:31:45]} Nf6 {[%clk 1:31:55]}
6. Bg5 {[%clk 1:30:59]} h6 {[%clk 1:31:22]} 7. Bh4 {[%clk 1:30:33]} O-O
{[%clk 1:31:23]} 8. O-O {[%clk 1:27:58]} Be6 {[%clk 1:29:57]} 9. Bb3
{[%clk 1:26:44]} Qd7 {[%clk 1:28:45]} 10. Bxe6 {[%clk 1:20:01]} Qxe6
{[%clk 1:28:01]} 11. Nc3 {[%clk 1:14:31]} Ne7 {[%clk 1:27:07]} 12. Bg3
{[%clk 1:06:59]} Ng6 {[%clk 1:26:47]} 13. Qd2 {[%clk 1:02:25]} Nh5
{[%clk 1:25:06]} 14. Kh1 {[%clk 0:54:47]} c6 {[%clk 1:23:11]} 15. Ne2
{[%clk 0:47:32]} Rad8 {[%clk 1:19:15]} 16. a3 {[%clk 0:39:01]} Bb6
{[%clk 1:18:42]} 17. Rad1 {[%clk 0:38:05]} f5 {[%clk 1:15:46]} 18. Bh2
{[%clk 0:33:55]} f4 {[%clk 1:14:19]} 19. c3 {[%clk 0:24:25]} Nf6 {[%clk 1:13:26]}
20. Bg1 {[%clk 0:18:29]} a5 {[%clk 1:11:31]} 21. Rfe1 {[%clk 0:13:57]} Qe7
{[%clk 1:09:30]} 22. Qc2 {[%clk 0:09:29]} Kh7 {[%clk 1:08:31]} 23. d4
{[%clk 0:06:16]} Kh8 {[%clk 1:06:40]} 24. dxe5 {[%clk 0:06:21]} dxe5
{[%clk 1:06:46]} 25. g3 {[%clk 0:05:59]} Qe6 {[%clk 1:05:55]} 26. Kh2
{[%clk 0:05:53]} Kh7 {[%clk 1:04:58]} 27. Nd2 {[%clk 0:05:32]} Bc7
{[%clk 1:03:30]} 28. Nf3 {[%clk 0:05:40]} Nh5 {[%clk 1:02:22]} 29. g4
{[%clk 0:05:42]} Nf6 {[%clk 1:02:07]} 30. Nd2 {[%clk 0:05:36]} Nh4
{[%clk 1:01:53]} 31. b3 {[%clk 0:05:08]} f3 {[%clk 1:01:08]} 32. Ng3
{[%clk 0:05:04]} Ng2 {[%clk 1:00:04]} 33. Nxf3 {[%clk 0:05:06]} Nxe1
{[%clk 1:00:19]} 34. Rxe1 {[%clk 0:05:26]} Qe7 {[%clk 1:00:00]} 35. Ra1
{[%clk 0:05:05]} Nd7 {[%clk 1:00:03]} 36. Nd2 {[%clk 0:05:10]} Bb6
{[%clk 0:59:59]} 37. Nc4 {[%clk 0:05:05]} Qf6 {[%clk 0:58:54]} 38. Ra2
{[%clk 0:05:06]} Ra8 {[%clk 0:58:35]} 39. Qd2 {[%clk 0:04:55]} Qe7
{[%clk 0:58:17]} 40. Nf5 {[%clk 0:04:42]} Qe6 {[%clk 0:58:00]} 41. Ng3
{[%clk 0:04:28]} Bc7 {[%clk 0:57:30]} 42. Kg2 {[%clk 0:03:29]} Nf6
{[%clk 0:57:23]} 43. f3 {[%clk 0:03:04]} a4 {[%clk 0:57:29]} 44. Qe2
{[%clk 0:02:00]} axb3 {[%clk 0:57:25]} 45. Rb2 {[%clk 0:02:16]} b5
{[%clk 0:57:35]} 46. Nd2 {[%clk 0:02:13]} Rxa3 {[%clk 0:57:33]} 47. Bc5
{[%clk 0:02:26]} Rfa8 {[%clk 0:57:08]} 48. Bxa3 {[%clk 0:02:42]} Rxa3
{[%clk 0:57:25]} 49. c4 {[%clk 0:02:18]} bxc4 {[%clk 0:57:18]} 50. Nxc4
{[%clk 0:02:24]} Nd7 {[%clk 0:56:53]} 51. Nxa3 {[%clk 0:02:32]} Bd6
{[%clk 0:56:53]} 52. Nc4 {[%clk 0:02:26]} Bc5 {[%clk 0:56:51]} 53. Qd3
{[%clk 0:02:15]} Bd4 {[%clk 0:56:59]} 54. Rxb3 {[%clk 0:02:24]} Nc5
{[%clk 0:57:12]} 55. Qc2 {[%clk 0:02:18]} Nxb3 {[%clk 0:57:25]} 56. Qxb3
{[%clk 0:02:43]} Qg8 {[%clk 0:56:56]} 57. Qc2 {[%clk 0:02:42]} Qa8
{[%clk 0:56:55]} 58. Ne2 {[%clk 0:02:21]} Qa6 {[%clk 0:56:47]} 59. Nxd4
{[%clk 0:02:06]} exd4 {[%clk 0:57:01]} 60. Ne5 {[%clk 0:01:59]} Qb5
{[%clk 0:56:51]} 61. Nd7 {[%clk 0:01:14]} d3 {[%clk 0:56:57]} 62. Qd2
{[%clk 0:01:21]} c5 {[%clk 0:56:49]} 63. Ne5 {[%clk 0:01:04]} c4 {[%clk 0:56:59]}
64. Nxd3 {[%clk 0:00:38]} cxd3 {[%clk 0:57:12]} 65. Kf1 {[%clk 0:00:37]} Qb1+
{[%clk 0:57:21]} 66. Qe1 {[%clk 0:30:57]} Qc2 {[%clk 1:27:55]} 67. g5
{[%clk 0:28:39]} d2 {[%clk 1:27:56]} 68. g6+ {[%clk 0:28:37]} Kg8
{[%clk 1:28:15]} 69. Qe2 {[%clk 0:28:25]} d1=Q+ {[%clk 1:28:19]} 70. Qxd1
{[%clk 0:28:43]} Qxd1+ {[%clk 1:28:40]} 71. Kf2 {[%clk 0:29:05]} Qd6
{[%clk 1:28:32]} 72. Ke3 {[%clk 0:29:18]} Qxg6 {[%clk 1:28:45]} 73. Kd4
{[%clk 0:29:30]} Qg3 {[%clk 1:28:43]} 74. Ke3 {[%clk 0:29:45]} Qxh3
{[%clk 1:29:03]} 75. Kf4 {[%clk 0:30:04]} g5+ {[%clk 1:29:11]} 76. Ke3
{[%clk 0:30:14]} g4 {[%clk 1:29:11]} 77. Kf4 {[%clk 0:30:32]} Qxf3+ 78. Ke5 g3
{[%clk 1:29:01]} 79. Kd4 {[%clk 0:30:46]} Qe2 {[%clk 1:29:22]} 80. Ke5
{[%clk 0:30:44]} g2 {[%clk 1:29:41]} 81. Kd5 {[%clk 0:30:55]} g1=Q
{[%clk 1:29:57]} 82. Ke5 {[%clk 0:31:16]} Qgg4 {[%clk 1:30:06]} 83. Kd5
{[%clk 0:31:18]} Qgxe4+ {[%clk 1:30:23]} 84. Kd6 {[%clk 0:31:22]} Qd2+
{[%clk 1:30:37]} 85. Kc5 {[%clk 0:31:35]} Qdd5+ {[%clk 1:30:36]} 86. Kb6
{[%clk 0:31:42]} Qb1+ {[%clk 1:30:41]} 87. Kc7 {[%clk 0:31:55]} Qc2+
{[%clk 1:30:46]} 88. Kb6 {[%clk 0:32:00]} Qdb3+ {[%clk 1:31:08]} 89. Ka6
{[%clk 0:32:00]} Qca2# {[%clk 1:31:31]} 0-1

[Event "MSR2018s4"]
[Site "?"]
[Date "2018.04.23"]
[Round "4.16"]
[White "Knapova, Nicol"]
[Black "Berkova, Agata"]
[Result "1-0"]
[BlackElo "1455"]
[WhiteElo "1000"]
[LiveChessVersion "1.4.8"]

1. e4 {[%clk 1:30:59]} e5 {[%clk 1:30:51]} 2. Nf3 {[%clk 1:30:59]} Nc6
{[%clk 1:30:54]} 3. Bc4 {[%clk 1:31:40]} Nd4 {[%clk 1:31:00]} 4. Nxd4
{[%clk 1:31:26]} exd4 {[%clk 1:31:16]} 5. d3 {[%clk 1:30:49]} Bc5
{[%clk 1:30:36]} 6. Qf3 {[%clk 1:28:51]} Nf6 {[%clk 1:30:25]} 7. O-O
{[%clk 1:28:43]} O-O {[%clk 1:30:24]} 8. e5 {[%clk 1:28:50]} d5 {[%clk 1:27:53]}
9. exf6 {[%clk 1:26:26]} gxf6 {[%clk 1:28:04]} 10. Qg3+ {[%clk 1:24:56]} Kh8
{[%clk 1:28:00]} 11. Bb3 {[%clk 1:24:01]} Re8 {[%clk 1:28:00]} 12. Bh6
{[%clk 1:22:10]} Rg8 {[%clk 1:27:38]} 13. Qf3 {[%clk 1:22:02]} Qe8
{[%clk 1:27:19]} 14. Qxf6+ {[%clk 1:21:07]} Rg7 {[%clk 1:26:39]} 15. Qxg7#
{[%clk 1:21:07]} 1-0

[Event "MSR2018s4"]
[Site "?"]
[Date "2018.04.23"]
[Round "4.17"]
[White "Cizmar, Tomas"]
[Black "Earle, Dominic James"]
[Result "0-1"]
[BlackElo "1273"]
[WhiteElo "1447"]
[LiveChessVersion "1.4.8"]

1. e4 {[%clk 1:30:59]} e6 {[%clk 1:30:56]} 2. Nf3 {[%clk 1:31:00]} c5
{[%clk 1:31:12]} 3. c4 {[%clk 1:31:01]} Nc6 {[%clk 1:30:52]} 4. Nc3
{[%clk 1:31:00]} Bd6 {[%clk 1:29:30]} 5. d4 {[%clk 1:30:21]} Nge7
{[%clk 1:27:09]} 6. d5 {[%clk 1:27:47]} exd5 {[%clk 1:26:15]} 7. cxd5
{[%clk 1:27:31]} Ne5 {[%clk 1:26:16]} 8. Nxe5 {[%clk 1:25:03]} Bxe5
{[%clk 1:26:14]} 9. f4 {[%clk 1:25:02]} Bxc3+ {[%clk 1:24:00]} 10. bxc3
{[%clk 1:25:17]} Ng6 {[%clk 1:23:51]} 11. Be2 {[%clk 1:23:45]} d6
{[%clk 1:23:23]} 12. Qa4+ {[%clk 1:23:37]} Bd7 {[%clk 1:23:05]} 13. Bb5
{[%clk 1:23:49]} a6 {[%clk 1:23:19]} 14. Bxd7+ {[%clk 1:24:00]} Qxd7
{[%clk 1:23:47]} 15. Qxd7+ {[%clk 1:24:16]} Kxd7 {[%clk 1:24:11]} 16. O-O
{[%clk 1:24:36]} Rhe8 {[%clk 1:24:06]} 17. Rb1 {[%clk 1:23:33]} b5
{[%clk 1:23:28]} 18. Re1 {[%clk 1:23:27]} f5 {[%clk 1:23:06]} 19. a4
{[%clk 1:16:29]} Rab8 {[%clk 1:23:07]} 20. axb5 {[%clk 1:16:32]} axb5
{[%clk 1:23:24]} 21. Ra1 {[%clk 1:16:38]} Rb7 {[%clk 1:23:30]} 22. e5
{[%clk 1:10:57]} dxe5 {[%clk 1:23:12]} 23. fxe5 {[%clk 1:11:06]} Rxe5
{[%clk 1:22:56]} 24. Rxe5 {[%clk 1:11:29]} Nxe5 {[%clk 1:23:18]} 25. Be3
{[%clk 1:06:52]} Kd6 {[%clk 1:22:21]} 26. Rd1 {[%clk 1:04:16]} h6
{[%clk 1:19:34]} 27. h4 {[%clk 1:02:52]} b4 {[%clk 1:17:50]} 28. Bf4
{[%clk 1:01:57]} bxc3 {[%clk 1:17:41]} 29. Re1 {[%clk 0:58:30]} Re7
{[%clk 1:17:57]} 30. Rc1 {[%clk 0:57:20]} Kxd5 {[%clk 1:17:48]} 31. Rxc3
{[%clk 0:57:01]} c4 {[%clk 1:18:01]} 32. Re3 {[%clk 0:45:51]} Re6
{[%clk 1:16:03]} 33. Kf1 {[%clk 0:45:46]} Nd3 {[%clk 1:15:35]} 34. Rxe6
{[%clk 0:43:35]} Kxe6 {[%clk 1:16:03]} 35. Bd2 {[%clk 0:43:39]} Kd5
{[%clk 1:16:13]} 36. Bc3 {[%clk 0:43:25]} g6 {[%clk 1:16:35]} 37. h5
{[%clk 0:42:37]} gxh5 {[%clk 1:16:35]} 38. Ke2 {[%clk 0:41:59]} Ke4
{[%clk 1:16:22]} 39. Bd2 {[%clk 0:41:27]} Nf4+ {[%clk 1:15:59]} 40. Kf2
{[%clk 0:41:20]} h4 {[%clk 1:15:39]} 41. g3 {[%clk 0:40:27]} Nd3+
{[%clk 1:15:49]} 42. Kg2 {[%clk 0:40:19]} hxg3 {[%clk 1:15:17]} 43. Bxh6
{[%clk 0:40:11]} f4 {[%clk 1:15:39]} 44. Bg7 {[%clk 0:40:19]} Ke3
{[%clk 1:15:47]} 0-1

[Event "MSR2018s4"]
[Site "?"]
[Date "2018.04.23"]
[Round "4.18"]
[White "Cerven, Samuel"]
[Black "Carnecky, Viliam"]
[Result "1-0"]
[BlackElo "1253"]
[WhiteElo "1270"]
[LiveChessVersion "1.4.8"]

1. e4 {[%clk 1:30:59]} e5 {[%clk 1:30:41]} 2. Nf3 {[%clk 1:31:20]} Nc6
{[%clk 1:30:52]} 3. d4 {[%clk 1:31:43]} exd4 {[%clk 1:31:05]} 4. Bc4
{[%clk 1:32:03]} Nf6 {[%clk 1:31:24]} 5. O-O {[%clk 1:32:24]} Bc5
{[%clk 1:31:19]} 6. Ng5 {[%clk 1:32:13]} O-O {[%clk 1:30:51]} 7. Re1
{[%clk 1:31:51]} h6 {[%clk 1:30:41]} 8. Nf3 {[%clk 1:31:42]} Re8 {[%clk 1:30:46]}
9. e5 {[%clk 1:31:03]} Ng4 {[%clk 1:30:20]} 10. Bf4 {[%clk 1:30:08]} d3
{[%clk 1:30:11]} 11. Bg3 {[%clk 1:29:34]} dxc2 {[%clk 1:29:43]} 12. Qxc2
{[%clk 1:29:46]} d5 13. Bb3 {[%clk 1:29:36]} d4 {[%clk 1:29:41]} 14. Qxc5
{[%clk 1:29:41]} Kh8 {[%clk 1:28:14]} 15. h3 {[%clk 1:29:45]} Ngxe5
{[%clk 1:27:08]} 16. Nxe5 {[%clk 1:29:52]} Nxe5 {[%clk 1:27:23]} 17. Bxe5
{[%clk 1:30:10]} f6 {[%clk 1:27:28]} 18. Nd2 {[%clk 1:29:24]} fxe5
{[%clk 1:25:57]} 19. Rxe5 {[%clk 1:29:38]} b6 {[%clk 1:25:07]} 20. Rxe8+
{[%clk 1:29:41]} Qxe8 {[%clk 1:24:55]} 21. Qxd4 {[%clk 1:30:03]} Bb7
{[%clk 1:24:55]} 22. Nf3 {[%clk 1:29:17]} Qg6 {[%clk 1:24:51]} 23. Qc3
{[%clk 1:27:03]} Rf8 {[%clk 1:24:39]} 24. Bd1 {[%clk 1:25:55]} c5
{[%clk 1:23:03]} 25. Nh4 {[%clk 1:24:29]} Qg5 {[%clk 1:22:36]} 26. Nf3
{[%clk 1:23:53]} Qg6 {[%clk 1:21:35]} 27. Kh1 {[%clk 1:23:48]} a6
{[%clk 1:21:01]} 28. Be2 {[%clk 1:23:32]} Re8 {[%clk 1:19:30]} 29. Re1
{[%clk 1:22:18]} a5 30. a4 {[%clk 1:22:22]} Rd8 {[%clk 1:19:33]} 31. Bb5
{[%clk 1:20:43]} Ba8 {[%clk 1:19:16]} 32. Bc4 {[%clk 1:20:42]} Rd4
{[%clk 1:19:23]} 33. Bf1 {[%clk 1:20:38]} Rxa4 {[%clk 1:19:29]} 34. Bb5
{[%clk 1:19:52]} Re4 {[%clk 1:19:16]} 35. Rxe4 {[%clk 1:18:24]} Qxe4
{[%clk 1:19:34]} 36. Bf1 {[%clk 1:18:40]} Qb4 {[%clk 1:19:15]} 37. Qxb4
{[%clk 1:18:29]} cxb4 {[%clk 1:16:27]} 38. Bb5 {[%clk 1:18:40]} Bd5
{[%clk 1:16:22]} 39. Ne5 {[%clk 1:18:51]} Bb3 {[%clk 1:16:13]} 40. Bc4
{[%clk 1:18:39]} Bc2 {[%clk 1:16:12]} 41. Nd7 {[%clk 1:18:49]} a4
{[%clk 1:16:04]} 42. Nxb6 {[%clk 1:18:55]} a3 {[%clk 1:16:12]} 43. bxa3
{[%clk 1:19:17]} bxa3 {[%clk 1:16:36]} 44. Ba2 {[%clk 1:19:35]} Bd3
{[%clk 1:16:37]} 45. Kh2 {[%clk 1:19:29]} Kh7 {[%clk 1:16:56]} 46. Kg3
{[%clk 1:19:49]} Kg6 {[%clk 1:16:46]} 47. Nd5 {[%clk 1:19:26]} Kf5
{[%clk 1:16:35]} 48. Kf3 {[%clk 1:19:12]} Ke5 {[%clk 1:16:21]} 49. Ke3
{[%clk 1:19:25]} Be4 {[%clk 1:16:41]} 50. f4+ {[%clk 1:19:01]} Kf5
{[%clk 1:16:48]} 51. g4+ {[%clk 1:19:12]} Kg6 {[%clk 1:16:41]} 52. Kxe4
{[%clk 1:19:27]} h5 {[%clk 1:16:50]} 53. g5 {[%clk 1:19:42]} h4 {[%clk 1:17:13]}
54. Ne3 {[%clk 1:19:51]} Kh5 {[%clk 1:17:08]} 55. Ke5 {[%clk 1:19:51]} g6
{[%clk 1:17:10]} 56. f5 {[%clk 1:19:04]} gxf5 {[%clk 1:17:05]} 57. Kf6
{[%clk 1:19:23]} f4 {[%clk 1:17:32]} 58. Nf1 {[%clk 1:19:37]} f3 {[%clk 1:17:43]}
59. Bf7# 1-0

[Event "MSR2018s4"]
[Site "?"]
[Date "2018.04.23"]
[Round "4.19"]
[White "Karapetsas, Athanasios"]
[Black "Elias, David"]
[Result "0-1"]
[BlackElo "1608"]
[WhiteElo "1237"]
[LiveChessVersion "1.4.8"]

1. e4 {[%clk 1:30:56]} e5 {[%clk 1:30:53]} 2. Bc4 {[%clk 1:31:20]} Nc6
{[%clk 1:30:22]} 3. Nf3 {[%clk 1:31:23]} Bc5 {[%clk 1:30:35]} 4. c3
{[%clk 1:31:14]} Nf6 {[%clk 1:30:54]} 5. O-O {[%clk 1:31:14]} Nxe4
{[%clk 1:27:35]} 6. d4 {[%clk 1:25:49]} exd4 {[%clk 1:26:36]} 7. cxd4
{[%clk 1:26:09]} Be7 {[%clk 1:25:22]} 8. Re1 {[%clk 1:22:56]} d5 {[%clk 1:24:05]}
9. Bd3 {[%clk 1:19:15]} Bf5 {[%clk 1:22:55]} 10. Nc3 {[%clk 1:16:02]} Nxc3
{[%clk 1:20:32]} 11. bxc3 {[%clk 1:15:14]} Bxd3 {[%clk 1:19:59]} 12. Qxd3
{[%clk 1:15:29]} O-O {[%clk 1:20:09]} 13. Ne5 {[%clk 1:07:15]} Bg5
{[%clk 1:14:00]} 14. Bxg5 {[%clk 1:00:33]} Qxg5 {[%clk 1:14:20]} 15. Qb5
{[%clk 1:00:54]} Nxe5 {[%clk 1:11:08]} 16. Rxe5 {[%clk 1:01:13]} Qd2
{[%clk 1:10:31]} 17. Qxb7 {[%clk 0:59:59]} Qxc3 {[%clk 1:10:37]} 18. Rd1
{[%clk 0:59:51]} Qc2 {[%clk 1:08:23]} 19. Qb1 {[%clk 1:00:10]} Qxb1
{[%clk 1:08:09]} 20. Rxb1 {[%clk 1:00:29]} c6 {[%clk 1:08:09]} 21. Rb3
{[%clk 0:54:18]} f6 {[%clk 1:07:19]} 22. Re6 {[%clk 0:54:35]} Rfe8
{[%clk 1:07:12]} 23. Rbe3 {[%clk 0:53:21]} Rxe6 {[%clk 1:07:09]} 24. Rxe6
{[%clk 0:53:48]} Rb8 {[%clk 1:04:41]} 25. g3 {[%clk 0:52:40]} Rb6
{[%clk 1:04:37]} 26. Re3 {[%clk 0:52:24]} Ra6 {[%clk 1:04:35]} 27. a3
{[%clk 0:50:46]} Kf7 {[%clk 1:04:49]} 28. Kf1 {[%clk 0:51:08]} Ra4
{[%clk 1:04:32]} 29. Rc3 {[%clk 0:50:29]} Ra6 {[%clk 1:03:52]} 30. Re3
{[%clk 0:50:38]} Ra4 {[%clk 1:03:27]} 31. Rc3 {[%clk 0:50:45]} Rxd4
{[%clk 1:00:57]} 32. Rxc6 {[%clk 0:51:01]} Ra4 {[%clk 1:00:29]} 33. Rc7+
{[%clk 0:51:11]} Kg6 {[%clk 1:00:10]} 34. h4 {[%clk 0:49:42]} Rxa3
{[%clk 0:59:50]} 35. h5+ {[%clk 0:49:58]} Kh6 {[%clk 0:59:43]} 36. g4
{[%clk 0:50:12]} g6 {[%clk 0:59:41]} 37. hxg6 {[%clk 0:49:45]} hxg6
{[%clk 0:59:57]} 38. Rf7 {[%clk 0:49:45]} Kg5 {[%clk 1:00:00]} 39. Rd7
{[%clk 0:49:51]} Ra5 {[%clk 0:59:54]} 40. f3 {[%clk 0:49:58]} Kf4
{[%clk 1:00:14]} 41. Rf7 {[%clk 0:50:29]} Kxf3 {[%clk 1:00:26]} 42. Rxf6+
{[%clk 0:50:45]} Kxg4 {[%clk 1:00:47]} 43. Rxg6+ {[%clk 0:51:03]} Kf5
{[%clk 1:01:07]} 44. Rc6 {[%clk 0:50:56]} Ke4 {[%clk 1:01:19]} 45. Ke1
{[%clk 0:51:09]} d4 {[%clk 1:01:17]} 46. Rc4 {[%clk 0:50:37]} Kd5
{[%clk 1:01:10]} 47. Rc2 {[%clk 0:50:47]} Ra1+ {[%clk 1:01:25]} 48. Kd2
{[%clk 0:51:11]} Rh1 {[%clk 1:01:31]} 49. Rb2 {[%clk 0:50:38]} Rh2+
{[%clk 1:01:48]} 50. Kc1 {[%clk 0:51:00]} Rxb2 {[%clk 1:01:52]} 51. Kxb2
{[%clk 0:51:21]} Ke4 {[%clk 1:01:50]} 52. Kc2 {[%clk 0:51:40]} d3+
{[%clk 1:02:04]} 53. Kd2 {[%clk 0:51:58]} Kd4 {[%clk 1:02:03]} 54. Kd1
{[%clk 0:51:54]} Ke3 {[%clk 1:00:08]} 55. Ke1 {[%clk 0:51:22]} d2+
{[%clk 1:00:21]} 56. Kd1 {[%clk 0:51:43]} a5 {[%clk 1:00:29]} 57. Kc2
{[%clk 0:52:06]} Ke2 {[%clk 1:00:35]} 58. Kb2 {[%clk 0:52:19]} a4
{[%clk 1:00:09]} 59. Ka2 {[%clk 0:52:31]} d1=Q {[%clk 0:59:39]} 60. Kb2
{[%clk 0:52:49]} Kd3 {[%clk 0:59:49]} 61. Ka2 {[%clk 0:51:32]} Qb3+
{[%clk 0:59:46]} 62. Ka1 {[%clk 0:51:45]} Qb4 {[%clk 0:59:38]} 63. Ka2
{[%clk 0:52:03]} Kc2 {[%clk 0:59:45]} 64. Ka1 {[%clk 0:51:55]} a3
{[%clk 1:00:08]} 65. Ka2 {[%clk 0:52:01]} Qb2# 0-1

[Event "MSR2018s4"]
[Site "?"]
[Date "2018.04.23"]
[Round "4.20"]
[White "Sahidi, Sear"]
[Black "Vargosko, Juraj"]
[Result "0-1"]
[BlackElo "1504"]
[WhiteElo "1176"]
[LiveChessVersion "1.4.8"]

1. e4 {[%clk 1:30:58]} e5 {[%clk 1:30:47]} 2. Nf3 {[%clk 1:31:18]} Nc6
{[%clk 1:31:04]} 3. Nc3 {[%clk 1:31:38]} Nf6 {[%clk 1:31:03]} 4. Bb5
{[%clk 1:31:39]} d6 {[%clk 1:30:01]} 5. d3 {[%clk 1:31:34]} a6 {[%clk 1:30:09]}
6. Bxc6+ {[%clk 1:31:33]} bxc6 {[%clk 1:30:28]} 7. O-O {[%clk 1:31:20]} Be7
{[%clk 1:29:28]} 8. h3 {[%clk 1:30:50]} Be6 {[%clk 1:27:20]} 9. d4
{[%clk 1:29:35]} exd4 {[%clk 1:26:58]} 10. Nxd4 {[%clk 1:29:47]} Bc4
{[%clk 1:23:22]} 11. Re1 {[%clk 1:28:54]} Qd7 {[%clk 1:21:17]} 12. Qf3
{[%clk 1:26:54]} O-O {[%clk 1:16:24]} 13. e5 {[%clk 1:25:57]} dxe5
{[%clk 1:06:27]} 14. Rxe5 {[%clk 1:25:37]} c5 {[%clk 1:04:38]} 15. Nc6
{[%clk 1:19:40]} Bd6 {[%clk 1:02:51]} 16. Re1 {[%clk 1:17:34]} h6
{[%clk 0:59:19]} 17. Bf4 {[%clk 1:15:08]} Bxf4 {[%clk 0:58:59]} 18. Qxf4
{[%clk 1:15:17]} Be6 {[%clk 0:57:04]} 19. Ne5 {[%clk 1:13:28]} Qd4
{[%clk 0:49:56]} 20. Qxd4 {[%clk 1:12:27]} cxd4 {[%clk 0:50:06]} 21. Ne4
{[%clk 1:12:04]} Nd5 {[%clk 0:46:02]} 22. Red1 {[%clk 1:11:25]} Nb4
{[%clk 0:45:29]} 23. a3 {[%clk 1:10:15]} Nxc2 {[%clk 0:43:53]} 24. Rac1
{[%clk 1:10:30]} Rfe8 {[%clk 0:38:41]} 25. Rd2 {[%clk 1:09:44]} Bb3
{[%clk 0:38:28]} 26. Nc5 {[%clk 1:09:14]} Rxe5 {[%clk 0:34:05]} 27. Nxb3
{[%clk 1:09:30]} Rb5 {[%clk 0:33:36]} 28. Rdxc2 {[%clk 1:08:42]} Rxb3
{[%clk 0:33:14]} 29. Rd1 {[%clk 1:08:50]} Rd8 {[%clk 0:33:23]} 30. Rdd2
{[%clk 1:08:47]} Rd7 {[%clk 0:33:16]} 31. Rc6 {[%clk 1:09:02]} Rb6
{[%clk 0:32:23]} 32. Rxb6 {[%clk 1:09:10]} cxb6 {[%clk 0:32:47]} 33. Kf1
{[%clk 1:09:31]} Kh7 {[%clk 0:33:09]} 34. Ke2 {[%clk 1:09:30]} Kg6
{[%clk 0:33:21]} 35. Kf3 {[%clk 1:09:44]} Kf5 {[%clk 0:33:33]} 36. g4+
{[%clk 1:09:59]} Ke5 {[%clk 0:33:13]} 37. Ke2 {[%clk 1:10:11]} Ke4
{[%clk 0:31:49]} 38. Rd3 {[%clk 1:10:07]} Rd5 {[%clk 0:31:34]} 39. Rf3
{[%clk 1:10:09]} d3+ {[%clk 0:31:43]} 0-1